Sports Quiz

Random Sports Quiz
Score 0/34 Timer 08:00
0 Plays Today
Year % Correct
2008-?Lee Clark
87.9%
1997-1999Peter Jackson
87.6%
2003-2007Peter Jackson
87.6%
1921-1925Herbert Chapman
79.1%
1999-2000Steve Bruce
79.1%
1993-1995Neil Warnock
75.4%
2008Stan Ternent
65%
2000-2002Lou Macari
64.4%
2007-2008Andy Ritchie
61.9%
2002-2003Mick Wadsworth
61.6%
1956-1960Bill Shankly
50.3%
1986-1987Steve Smith
48.3%
1995-1997Brian Horton
48.3%
1978-1986Mick Buxton
48%
1988-1992Eoin Hand
46.9%
1987-1988Malcolm MacDonald
42.4%
1968-1974Ian Greaves
35%
Year % Correct
1947-1952George Stephenson
35%
1929-1942Chem Stephenson
34.5%
1992-1993Ian Ross
29.4%
1960-1964Eddie Boot
24.3%
1964-1968Tom Johnston
23.2%
1975-1977Tom Johnston
23.2%
1977-1978Tom Johnston
23.2%
1974-1975Bobby Collins
18.4%
1925-1926Cecil Potter
17.8%
1977John Haselden
14.7%
1952-1956Andy Beattie
13%
1908-1910Fred Walker
11.6%
1926-1929Jack Chaplin
8.5%
1910-1912Dick Pudan
7.3%
1919-1921Ambrose Langley
7.1%
1943-1947David Steele
6.8%
1912-1919Arthur Fairclough
5.6%
Come Together.
Have Fun.
All Virtual.
We all need to come together. Play Sporcle's virtual live trivia to have fun, connect with people, and get your trivia on. Join a live hosted trivia game for your favorite pub trivia experience done virtually. If a virtual private party is more your thing, go here for details.

You're not logged in!

Compare scores with friends on all Sporcle quizzes.
OR
Log In

Sporcle TV

Today on Sporcle TV


Watch our educational content, quiz creation guides, and fun videos on Sporcle TV.

Show Comments

Extras

Top Quizzes Today


Score Distribution

Paid Content

Your Account Isn't Verified!

In order to create a playlist on Sporcle, you need to verify the email address you used during registration. Go to your Sporcle Settings to finish the process.

Report this User

Report this user for behavior that violates our Community Guidelines.

Details: